000 00437nam a2200181Ia 4500
001 17444
005 20260306171517.0
008 260306s9999||||xx |||||||||||||| ||und||
041 _aESP
082 _a658
_bC33
100 _aCastillo Girón, Víctor Manuel
_eAUT
245 0 _aTeorías de las organizaciones
260 _c2013
300 _a199 páginas :
_c23 cm.
650 _aGEN
654 _aCAN
942 _cLIB
_dJUS
_fJUS
_2ddc
_n
999 _c17444
_d17444